000 02625 a2200241 4500
020 _a047102242X
020 _a9780471022428
082 0 4 _a658.16
090 _c2789
_d2789
100 1 _aBenDaniel, David J.
245 1 0 _aInternational M&a, joint ventures and beyond :
_bdoing the deal /
_cDavid J. BenDaniel.
250 _a2nd ed.
260 _a[S.l.] :
_bWiley,
_c2002.
300 _a640 p. ;
_c26 cm.
500 _aHardcover.
520 _aPraise for International M & A, Joint Ventures & Beyond "The Second Edition of International M&A, Joint Ventures, and Beyond is superb. David BenDaniel, Arthur Rosenbloom, and James Hanks Jr. have assembled informative, comprehensive, and reliable source materials for cross-border merger and acquisition transactions. These materials will benefit those of us who are engaged daily in the international arena as well as those who are introduced to such ventures for the first time." –Arthur M. Siskind, Esq., Senior Executive Vice President and Group General Counsel, The News Corporation Limited "In their second edition of International M&A, Joint Ventures, and Beyond, BenDaniel, Rosenbloom, and Hanks update readers in business, law, and academia alike on what it takes to get sound cross-border deals accomplished. This book is a must for practitioners and in courses covering cross-border business transactions." –Alan Patricof, Chairman, Apax Partners, Inc. "A thoughtful compilation of topics, authors, and points of view that is as useful to the novice as it is to the experienced practitioner. Rosenbloom and BenDaniel, now joined by Hanks, are there when you need them." –Arthur Kowaloff, Managing Director BNY Capital Markets, Inc. "This is an excellent set of materials on cross-border business combinations–the best that one can find anywhere. The authors are leading practitioners and academics, and their unparalleled expertise shows in this fine work. The topic is, of course, of ever-growing importance as integration in the world economy continues at a rapid pace." –John J. Barcelo III, William Nelson Cromwell Professor of International and Comparative Law, and Director, Berger International Legal Studies Program, Cornell University.
700 1 _aRosenbloom, Arthur H.
700 1 _aJr., James J. Hanks.
700 1 _aHanks, Jr., James J.
856 4 0 _3Amazon.com
_uhttp://www.amazon.com/exec/obidos/ASIN/047102242X/chopaconline-20
856 4 0 _3Amazon customer reviews
_uhttp://www.chopac.org/cgi-bin/tools/azrev.pl?q=047102242X
942 _aNBS
_cBK
_k658.16 DEA
999 _c345279
_d345279